000 00774nam a2200229Ia 4500
003 GCL
008 140319s9999 xx 000 0 ara d
040 _aGCL /
_cGCL
082 0 4 _a342.02
_bو س
100 1 _aوجدى ثابت غبريال
245 1 0 _aالسلطات الاستثنائية لرئيس الجمهورية /
_cوجدى ثابت غبريال
260 _a[S.N] :
_bمنشاة المعارف الاسلامية ،
_c1988
300 _a926 ص
490 _aسلسلة الكتب القانونية
_v0
650 0 4 _aالقانون
650 0 4 _aمصر
650 0 4 _aالقانون العام
650 0 4 _aالقانون الدستورى
650 0 4 _aرؤساء الجمهورية
650 0 4 _aالسلطة التنفيذية
942 _2ddc
_cBK
999 _c55925
_d55925